00481nam a2200169Ia 450000500170000000800460001702000220006303700130008504000200009804100130011808400230013110000240015424500520017826000520023030000160028236500130029820250508170233.0008 250505s9999 xx 000 0 eng d a978-81-7991-876-0 aTextBook aFEDLbengcFEDL aeng2eng a370.7, SAR/RqFEDL aSarkar Amal Kr. Ed. 0aTeacher education in India: Vision 21st century aNew Delhi, IndiabNew Academic Publishersc2022 axxiv, 176p. aINRb995